Logo BPK

Biblioteka

Politechniki Koszalińskiej

Technologie informatyczne w biznesie - Efekty wdrożeń projektów celowych : (Rekord nr 42439)

Szczegóły MARC
000 -ETYKIETA REKORDU
podpole kontrolne o stałej długości 00950nam a2200241 i 4500
001 - NUMER KONTROLNY REKORDU
pole kontrolne bg
020 ## - MIĘDZYNARODOWY ZNORMALIZOWANY NUMER KSIĄŻKI - ISBN
ISBN 8390859963
040 ## - ŹRÓDŁO KATALOGOWANIA
Instytucja, która utworzyła rekord BPK
041 w# - KOD JĘZYKA
Kod języka tekstu plen
080 ## - UNIWERSALNA KLASYFIKACJA DZIESIĘTNA - UKD
UKD 658.1/.5.012.4:004](061)
920 ## - Międzynarodowy znormalizowany numer książki – ISBN
ISBN 83-908599-6-3
008 - POLE O STAŁEJ DŁUGOŚCI - DANE KONTROLNE
podpole kontrolne o stałej długości s pl f |000 0 pol
245 00 - TYTUŁ/ODPOWIEDZIALNOŚĆ
Tytuł Technologie informatyczne w biznesie - Efekty wdrożeń projektów celowych :
Ciąg dalszy tytułu VI konferencja z cyklu Komputerowe Systemy Wielodostępne KSW'2000, Bydgoszcz - Ciechocinek 2000.
246 1# - WARIANT TYTUŁU
Tytuł Komputerowe systemy wielodostępne KSW'2000
260 ## - STREFA ADRESU WYDAWNICZEGO
Miejsce wydania Bydgoszcz :
Nazwa wydawcy/dystrybutora Zakład Informatyki Stosowanej. Akademia Techniczno-Rolnicza,
Data publikacji, dystrybucji/powstania dokumentu 2000.
300 ## - STREFA OPISU FIZYCZNEGO
Objętość 196 s. :
Inne cechy fizyczne il. ;
Rozmiary 24 cm.
500 ## - UWAGI OGÓLNE
Tekst uwagi Nazwa wydawcy w cop. - Tekst częśc. ang. Streszcz. przy ref.
504 ## - UWAGA DOTYCZĄCA BIBLIOGRAFII
Informacje o bibliografii Bibliogr. przy ref.
650 #9 - HASŁO PRZEDMIOTOWE W FORMIE NAZWY OGÓLNEJ LUB JEDNOSTKOWEJ
Nazwa ogólna lub geograficzna Informacja dla zarządzania
Określnik ogólny komputeryzacja
650 #9 - HASŁO PRZEDMIOTOWE W FORMIE NAZWY OGÓLNEJ LUB JEDNOSTKOWEJ
Nazwa ogólna lub geograficzna Systemy informatyczne
Określnik ogólny stosowanie
-- gospodarka
655 ## - TERMIN INDEKSOWY - OKREŚLENIE RODZAJU/FORMY DOKUMENTU
Określenie rodzaju/formy dokumentu Materiały konferencyjne
942 ## - DODATKOWE ELEMENTY (KOHA)
Typ dokumentu Książka
Egzemplarze
Wycofany Status egzemplarza Uszkodzony Dostępność Lokalizacja stała Lokalizacja bieżąca Miejsce przechowywania Sygnatura Kod kreskowy Typ dokumentu
      Dostępny Biblioteka Politechniki Koszalińskiej Biblioteka Politechniki Koszalińskiej Wypożyczalnia BG 66737 01982275 Książka
© 2023 Biblioteka Politechniki Koszalińskiej :: KOHA